[Event "Madrid-ch Previa A"]
[Site "Madrid"]
[Date "2023.02.15"]
[Round "6.17"]
[White "Rubio Rivera, Felix"]
[Black "Blazquez Sanz, Oscar"]
[Result "0-1"]
[WhiteElo "1476"]
[BlackElo "1886"]
[PlyCount "92"]
[EventDate "2023.02.06"]
[EventType "swiss"]
[EventRounds "9"]
[EventCountry "ESP"]
[SourceTitle "EXT 2024"]
[Source "ChessBase"]
[SourceDate "2023.10.10"]
[SourceVersion "1"]
[SourceVersionDate "2023.10.10"]
[SourceQuality "1"]

1. d4 Nf6 2. c4 g6 3. Nf3 Bg7 4. g3 0-0 5. Bg2 d6 6. 0-0 Nc6 7. Nc3 Na5 8. b3 c5 9. Bb2 Bd7 10. dxc5 dxc5 11. Ne5 Qc7 12. Nxd7 Qxd7 13. Qxd7 Nxd7 14. Rfd1 Ne5 15. Na4 Rac8 16. Rd5 Nac6 17. f4 Ng4 18. Bxg7 Kxg7 19. Nxc5 Nb4 20. Nd7 Nxd5 21. Nxf8 Nb6 22. Nxh7 Kxh7 23. Bxb7 Rd8 24. c5 Nd5 25. c6 Nc7 26. h3 Ne3 27. a4 Rd1+ 28. Rxd1 Nxd1 29. e4 Kg7 30. g4 Kf6 31. Bc8 e5 32. g5+ Ke7 33. fxe5 Nc3 34. b4 Nxa4 35. Kf2 Nb6 36. Bg4 Nc4 37. Be2 Nxe5 38. b5 Kd6 39. Ke3 Kc5 40. Kf4 Nc4 41. Bxc4 Kxc4 42. Ke5 Kxb5 43. Kf6 a5 44. Kxf7 a4 45. e5 a3 46. e6 a2 0-1

[Event "Madrid-ch Previa-A"]
[Site "Madrid"]
[Date "2022.03.22"]
[Round "8"]
[White "Rubio Rivera, Felix"]
[Black "Barahona Torrijos, Angel"]
[Result "1/2-1/2"]
[WhiteElo "1460"]
[BlackElo "1822"]
[PlyCount "72"]
[EventDate "2022.03.07"]
[EventType "swiss"]
[EventRounds "9"]
[EventCountry "ESP"]
[SourceTitle "EXT 2023"]
[Source "ChessBase"]
[SourceDate "2022.10.05"]
[SourceVersion "1"]
[SourceVersionDate "2022.10.05"]
[SourceQuality "1"]

1. e4 e5 2. Nf3 Nc6 3. Bc4 Nf6 4. Ng5 d5 5. exd5 b5 6. Bf1 Nd4 7. c3 Nxd5 8. cxd4 Qxg5 9. Bxb5+ Bd7 10. Bxd7+ Kxd7 11. Qf3 exd4 12. 0-0 Bd6 13. d3 Qe5 14. g3 f5 15. Nd2 Nb4 16. Nc4 Qd5 17. Qxd5 Nxd5 18. a3 Rhe8 19. Bd2 Nb6 20. Nxb6+ axb6 21. Rfe1 c5 22. Rxe8 Rxe8 23. Re1 Rxe1+ 24. Bxe1 f4 25. f3 Kc6 26. Kf1 Kd5 27. a4 c4 28. Ke2 h5 29. gxf4 Bxf4 30. h3 Be5 31. dxc4+ Kxc4 32. b4 d3+ 33. Kd1 g5 34. a5 bxa5 35. bxa5 Bf4 36. Bd2 Bc7 1/2-1/2

[Event "Madrid-ch Previa-A"]
[Site "Madrid"]
[Date "2022.03.16"]
[Round "6"]
[White "Maseda Iglesias, Luis"]
[Black "Rubio Rivera, Felix"]
[Result "0-1"]
[WhiteElo "1735"]
[BlackElo "1460"]
[PlyCount "72"]
[EventDate "2022.03.07"]
[EventType "swiss"]
[EventRounds "9"]
[EventCountry "ESP"]
[SourceTitle "EXT 2023"]
[Source "ChessBase"]
[SourceDate "2022.10.05"]
[SourceVersion "1"]
[SourceVersionDate "2022.10.05"]
[SourceQuality "1"]

1. d4 Nf6 2. Nf3 g6 3. e3 Bg7 4. c4 0-0 5. Nc3 d6 6. Be2 c5 7. 0-0 Nbd7 8. d5 Nb6 9. e4 Bg4 10. Nd2 Bxe2 11. Qxe2 Nh5 12. f4 e6 13. g4 Nf6 14. h3 Re8 15. Qd3 a6 16. Nf3 exd5 17. exd5 Qd7 18. Be3 Re7 19. Rae1 Rae8 20. Bf2 Nxg4 21. Rxe7 Rxe7 22. hxg4 Qxg4+ 23. Kh2 Qxf4+ 24. Bg3 Qxc4 25. Qxc4 Nxc4 26. Na4 b5 27. b3 Re2+ 28. Rf2 Rxf2+ 29. Bxf2 Ne5 30. Kg2 bxa4 31. Nxe5 Bxe5 32. bxa4 f5 33. Be3 f4 34. Bd2 g5 35. Kf3 Kf7 36. Kg4 Kg6 0-1